Statistiques concernant Quoi de 9? - Puzzle de mots #1

Cliquez ici pour prendre le quiz!

Statistiques générales

  • Ce quiz a été pris 11 447 fois
  • Le résultat moyen est 4 sur 7

Statistiques - réponses

#Réponse% Correct
4Dire | Ride
99%
3Ire | Rie
99%
5Aider | Aride | Draie | Radié | Raide
94%
6Radier | Raider | Redira | Ridera
72%
7Durerai | Raideur | Réduira
42%
8Détruira | Durerait | Traduire
17%
9Radiateur
10%

Distribution des résultats

Percentile par nombre de réponses

% des personnes avec chaque résultat

Votre développement - résultats

Vous n’avez pas pris ce quiz